000 005710000a22001810004500
001 768714001
003 CO-MdFUSB
005 20170608103035.0
008 170608s2003 cr ||||| |||| 00| 0 spa d
022 _a1409-1968
040 _aCO-MdFUSB
_bspa
_cCO-MdFUSB
_dCO-MdFUSB
041 _aspa
245 1 0 _aJuan wesley :
_bel pequeño gigante de Dios
300 _aVolumen 21. Número 1 (2003), Páginas 52-53
_c 27 cm.
546 _aTexto en español
773 0 _tApuntes Pastorales
_049442
_960151
_gVolumen 21. Número 1 (2003), Páginas 52-53
_qPágina 52
942 _cANA
999 _c60748
_d60748